00694cam a22002297a 4500003000500000005001700005008004100022010001000063011001000073020001400083035001000097040000900107082001500116100002100131245009100152260008600243300001000329650004200339650004200381700001900423700002200442CHAP20220329142432.0010131d2000 mx r 00110 spa d a83400 a84372 a997401463 a94892 cCHAP04a301.35bA500aAmtmann, Carlos.10a30 Años de sociología rural en América Latinac/por Carlos Amtmann, ... (et al.) aMontevideo, Uruguay :bAsociación Latinoamericana de Sociología Rural,c2000. a235p.14aAmerica LatinaxCondiciones sociales.14aSociología ruralxAmérica Latina.0 aBrumer, Anita.0 aChonchol, Jaques.